Sri Lanka past and present / (Record no. 160478)

MARC details
000 -LEADER
fixed length control field 00471nam a22001697a 4500
005 - DATE AND TIME OF LATEST TRANSACTION
control field 20190130160855.0
010 ## - LCCN (DPL NO)
LC control number B-091426
020 ## - INTERNATIONAL STANDARD BOOK NUMBER
International Standard Book Number 8176484490
Terms of availability 795.00
035 ## - SYSTEM CONTROL NUMBER
System control number B-091426
037 ## - SOURCE OF ACQUISITION
Source of stock number/acquisition APH Publishing Corporation
082 ## - DEWEY DECIMAL CLASSIFICATION NUMBER
Classification number 954.8
100 ## - MAIN ENTRY--PERSONAL NAME
Personal name Reddy, L.R.
245 ## - TITLE STATEMENT
Title Sri Lanka past and present /
Statement of responsibility, etc L.R. Reddy
260 ## - PUBLICATION, DISTRIBUTION, ETC. (IMPRINT)
Place of publication, distribution, etc New Delhi
Name of publisher, distributor, etc APH Publishing Corporation
Date of publication, distribution, etc 2003
300 ## - PHYSICAL DESCRIPTION
Extent 382p.
Dimensions 22cm(hbk)
942 ## - ADDED ENTRY ELEMENTS (KOHA)
Source of classification or shelving scheme Dewey Decimal Classification
Item type English Books
Classification part 954.8
Call number suffix RED
Holdings
Withdrawn status Lost status Not for loan Collection code Home library Current library Date acquired Full call number Barcode Koha item type
      Non-fiction Sarojini Nagar Sarojini Nagar 30/01/2019 954.8 RED B-091426 English Books

© Delhi Public Library
Hit Counter
free hit counter